书目信息 |
| 题名: |
千式电力变压器负载导则 GB/T 17211-1998
|
|
| 作者: | 国家技术监督局 发布 | |
| 分册: | ||
| 出版信息: | 北京 中国标准出版社 1998.10 |
|
| 页数: | 22页 | |
| 开本: | 16开 | |
| 丛书名: | 中华人民共和国国家标准 | |
| 单 册: | ||
| 中图分类: | TM412-65 | |
| 科图分类: | ||
| 主题词: | 电力变压器 | |
| 电子资源: | ||
| ISBN: | ||
| 000 | 00711nam0 2200217 45 | |
| 001 | 0010021733 | |
| 005 | 20230530075602.56 | |
| 010 | @d16.00元 | |
| 100 | @a20001002d1998 km y0chiy0120 ea | |
| 101 | 0 | @achi |
| 105 | @a z 000yy | |
| 200 | 1 | @a千式电力变压器负载导则 GB/T 17211-1998@Aqian shi dian li bian ya qi fu zai dao ze GB/T 17211-1998@f国家技术监督局 发布@FGuo Jia Ji Shu Jian Du Ju Fa Bu |
| 210 | @a北京@c中国标准出版社@d1998.10 | |
| 215 | @a22页@d16开 | |
| 225 | 2 | @a中华人民共和国国家标准 |
| 410 | 0 | @12001 @a中华人民共和国国家标准 |
| 606 | 0 | @a电力变压器 |
| 690 | @aTM412-65@v3 | |
| 701 | 0 | @a国家技术监督局@4发布 |
| 801 | @aCN@bPftUser@c20001002 | |
| 905 | @b162561-565@dTM412-65@eG:347/1@f5 | |
| 千式电力变压器负载导则 GB/T 17211-1998/国家技术监督局 发布.-北京:中国标准出版社,1998.10 |
| 22页;16开.-(中华人民共和国国家标准) |
| ISBN :16.00元 |
| ● |
| 相关链接 |
|
|
|
正题名:千式电力变压器负载导则 GB/T 17211-1998
索取号:TM412-65/G:347/1
 
预约/预借
| 序号 | 登录号 | 条形码 | 馆藏地/架位号 | 状态 | 备注 |
| 1 | 162561 | 201625615 | 自科二线504/504自科库 10排1列3层/ [索取号:TM412-65/G:347/1] | 在馆 | |
| 2 | 162562 | 201625624 | 自科二线504/504自科库 10排1列3层/ [索取号:TM412-65/G:347/1] | 在馆 | |
| 3 | 162563 | 201625633 | 自科二线504/504自科库 10排1列3层/ [索取号:TM412-65/G:347/1] | 在馆 | |
| 4 | 162564 | 201625642 | 自科二线504/504自科库 10排1列3层/ [索取号:TM412-65/G:347/1] | 在馆 | |
| 5 | 162565 | 201625651 | 自科二线504/504自科库 10排1列3层/ [索取号:TM412-65/G:347/1] | 在馆 |